Financial management (Record no. 5488)
[ view plain ]
| 000 -LEADER | |
|---|---|
| fixed length control field | 00565cam a2200217ua 4500 |
| 001 - CONTROL NUMBER | |
| control field | 6341 |
| 005 - DATE AND TIME OF LATEST TRANSACTION | |
| control field | 20260515114033.0 |
| 008 - FIXED-LENGTH DATA ELEMENTS--GENERAL INFORMATION | |
| fixed length control field | 131129n ii |||gr||||Z||||||eng |
| 020 ## - INTERNATIONAL STANDARD BOOK NUMBER | |
| International Standard Book Number | 978-81-272-5253-3 |
| 040 ## - CATALOGING SOURCE | |
| Transcribing agency | MAIN |
| 082 ## - DEWEY DECIMAL CLASSIFICATION NUMBER | |
| Classification number | 658.15 |
| 245 ## - TITLE STATEMENT | |
| Title | Financial management |
| Statement of responsibility, etc. | By Shashi K. Gupta |
| 260 ## - PUBLICATION, DISTRIBUTION, ETC. | |
| Place of publication, distribution, etc. | Ludhiana: |
| Name of publisher, distributor, etc. | Kalyani publishers, |
| Date of publication, distribution, etc. | 2009. |
| 300 ## - PHYSICAL DESCRIPTION | |
| Extent | x,12.55p. |
| 653 ## - INDEX TERM--UNCONTROLLED | |
| Uncontrolled term | Commerce |
| 653 ## - INDEX TERM--UNCONTROLLED | |
| Uncontrolled term | Financial management |
| 700 ## - ADDED ENTRY--PERSONAL NAME | |
| Personal name | Gupta,Shashi K., |
| Relator term | Author., |
| 700 ## - ADDED ENTRY--PERSONAL NAME | |
| Personal name | Sharma,R.K., |
| Relator term | Author. |
| 700 ## - ADDED ENTRY--PERSONAL NAME | |
| Personal name | Gupta,Neeti, |
| Relator term | Author. |
| 942 ## - ADDED ENTRY ELEMENTS (KOHA) | |
| Koha item type | Books |
| Withdrawn status | Lost status | Damaged status | Not for loan | Home library | Current library | Shelving location | Date acquired | Total checkouts | Full call number | Barcode | Date last seen | Date last checked out | Copy number | Price effective from | Koha item type |
|---|---|---|---|---|---|---|---|---|---|---|---|---|---|---|---|
| Naharkatiya College Library | Naharkatiya College Library | General stacks | 09/19/2020 | 14 | 658.15 | GUP | 19170 | 03/01/2025 | 02/18/2025 | 2 | 09/19/2020 | Books | ||||
| Naharkatiya College Library | Naharkatiya College Library | General stacks | 09/19/2020 | 13 | 658.15 | GUP | 19171 | 11/28/2023 | 11/14/2023 | 3 | 09/19/2020 | Books | ||||
| Naharkatiya College Library | Naharkatiya College Library | General stacks | 09/19/2020 | 20 | 658.15 | GUP | 19396 | 01/28/2026 | 12/22/2025 | 1 | 09/19/2020 | Books |